[Event "New Zealand Seniors Championship 2017"]
[Site "Mount Manganui NZL"]
[Date "2017.09.02"]
[Round "4.1"]
[White "Dive, Russell J"]
[Black "Booth, Anthony J"]
[Result "1-0"]
[WhiteElo "2434"]
[BlackElo "1486"]
[PlyCount "82"]
[EventDate "2017.09.01"]

1. Nf3 d5 2. c4 c6 3. b3 Nf6 4. Bb2 e6 5. g3 Be7 6. Bg2 O-O 7. O-O c5 8. cxd5
exd5 9. d4 b6 10. Nc3 Bb7 11. Rc1 Nc6 12. dxc5 bxc5 13. Na4 Ne4 14. Nd2 Nb4 15.
Nxe4 dxe4 16. Nxc5 Qxd1 17. Rfxd1 Bxc5 18. Rxc5 Na6 19. Rb5 Bc6 20. Ra5 Nb8 21.
Rd6 h6 22. h4 Re8 23. Bd4 a6 24. a4 Bb7 25. Rc5 Nc6 26. Rdxc6 Bxc6 27. Rxc6
Rab8 28. Bb6 a5 29. Bh3 Rb7 30. Kg2 Kh7 31. h5 Re5 32. Bc8 Rbe7 33. g4 Rd5 34.
Bf5+ g6 35. hxg6+ fxg6 36. Rxg6 Rxf5 37. gxf5 Rf7 38. Bd4 h5 39. Rg5 Kh6 40.
Be3 Rg7 41. Rxg7+ Kxg7 1-0

[Event "New Zealand Seniors Championship 2017"]
[Site "Mount Manganui NZL"]
[Date "2017.09.02"]
[Round "4.2"]
[White "Steadman, Michael V R"]
[Black "Smith, Robert W"]
[Result "1-0"]
[WhiteElo "2260"]
[BlackElo "2353"]
[PlyCount "101"]
[EventDate "2017.09.01"]

1. d4 Nf6 2. c4 g6 3. Nc3 Bg7 4. e4 d6 5. Be2 O-O 6. Be3 c6 7. g4 a6 8. g5 Nfd7
9. h4 b5 10. Nf3 Nb6 11. b3 Bg4 12. Nd2 Bxe2 13. Nxe2 bxc4 14. bxc4 N8d7 15.
Rb1 c5 16. d5 Ne5 17. Qc2 Rb8 18. Rb3 Qd7 19. f4 Ng4 20. Bg1 Qa4 21. h5 Nd7 22.
Rh4 Rxb3 23. axb3 Qa1+ 24. Nb1 gxh5 25. Rxh5 Bd4 26. Nxd4 cxd4 27. e5 h6 28.
gxh6 Kh8 29. Rg5 Rg8 30. Rxg8+ Kxg8 31. exd6 exd6 32. Qd3 Ne3 33. Bxe3 dxe3 34.
h7+ Kh8 35. b4 Nb6 36. Ke2 Qb2+ 37. Kxe3 Qxb4 38. Nd2 Qc5+ 39. Kf3 Qg1 40. Ne4
Qh1+ 41. Ke3 Qe1+ 42. Kf3 Qh1+ 43. Ke2 Qh2+ 44. Ke3 Qh3+ 45. Kd2 Qh2+ 46. Kc3
Na4+ 47. Kb4 Nc5 48. Qd4+ Kxh7 49. Nxc5 a5+ 50. Kxa5 dxc5 51. Qe4+ 1-0

[Event "New Zealand Seniors Championship 2017"]
[Site "Mount Manganui NZL"]
[Date "2017.09.02"]
[Round "4.3"]
[White "Lim, Benjamin U"]
[Black "Gibbons, Robert E"]
[Result "1-0"]
[WhiteElo "2024"]
[BlackElo "2049"]
[PlyCount "85"]
[EventDate "2017.09.01"]

1. e4 e5 2. Nf3 Nf6 3. Nxe5 d6 4. Nf3 Nxe4 5. d4 d5 6. Be2 Be7 7. O-O O-O 8. c4
c6 9. Nc3 Nxc3 10. bxc3 Be6 11. Rb1 b6 12. cxd5 cxd5 13. Bf4 Bd6 14. Qd2 Qc7
15. Bxd6 Qxd6 16. Bd3 Nd7 17. Rfe1 Rac8 18. Ng5 h6 19. Nxe6 fxe6 20. Ba6 Rc7
21. Qe3 Rf6 22. Rbc1 Qa3 23. Qg3 e5 24. Bb5 Re6 25. Bxd7 Rxd7 26. dxe5 Qxa2 27.
f4 Kh8 28. f5 Re8 29. e6 Rde7 30. Qg6 Rf8 31. Rf1 Qd2 32. Qg3 Rxf5 33. Rxf5
Qxc1+ 34. Rf1 Qg5 35. Rf8+ Kh7 36. Qd3+ g6 37. Qd4 Rg7 38. Rf1 Re7 39. h4 Qg3
40. Rf8 Rg7 41. Qf6 Qc7 42. h5 Qc5+ 43. Kh1 1-0

[Event "New Zealand Seniors Championship 2017"]
[Site "Mount Manganui NZL"]
[Date "2017.09.02"]
[Round "4.4"]
[White "Marko, Helmut S"]
[Black "Burgess, Ken"]
[Result "1-0"]
[WhiteElo "2067"]
[BlackElo "1547"]
[PlyCount "79"]
[EventDate "2017.09.01"]

1. Nf3 Nf6 2. c4 c6 3. d4 d5 4. Qc2 dxc4 5. Qxc4 b5 6. Qc2 e6 7. e3 Nbd7 8.
Qxc6 Rb8 9. Be2 Bb7 10. Qc2 Rc8 11. Qd1 a6 12. O-O Be7 13. Bd2 Ne4 14. Nc3 Nxc3
15. Bxc3 O-O 16. a3 Nf6 17. Bd3 Ne4 18. Bxe4 Bxe4 19. Ne1 Rc4 20. Nd3 Qa8 21.
f3 Bxd3 22. Qxd3 Rfc8 23. Rfc1 b4 24. Bd2 Rxc1+ 25. Rxc1 Rxc1+ 26. Bxc1 Qc6 27.
Bd2 bxa3 28. bxa3 Qb5 29. Qxb5 axb5 30. Bb4 Kf8 31. Kf2 f5 32. e4 Bxb4 33. axb4
Ke7 34. Ke3 Kd6 35. h4 h6 36. Kf4 g6 37. g3 e5+ 38. dxe5+ Ke6 39. exf5+ gxf5
40. h5 1-0

[Event "New Zealand Seniors Championship 2017"]
[Site "Mount Manganui NZL"]
[Date "2017.09.02"]
[Round "4.5"]
[White "List, Robert"]
[Black "Findlay, John"]
[Result "0-1"]
[WhiteElo "1681"]
[BlackElo "1677"]
[PlyCount "98"]
[EventDate "2017.09.01"]

1. e4 c5 2. Bd3 Nc6 3. c3 d5 4. Nf3 Bg4 5. h3 Bxf3 6. gxf3 e5 7. Bc2 Nf6 8. d3
Qd7 9. Bg5 Be7 10. Ba4 b6 11. Bb3 d4 12. Nd2 dxc3 13. bxc3 Qxd3 14. Rc1 Rd8 15.
Bc4 Qd7 16. Bxf6 Bxf6 17. Bd5 Ne7 18. c4 Nxd5 19. cxd5 Rc8 20. Nc4 Qc7 21. O-O
O-O 22. Qd3 b5 23. Ne3 c4 24. Qa3 Qb6 25. d6 Rfd8 26. Rfd1 Rd7 27. Rd5 Rcd8 28.
Nf5 g6 29. Ne7+ Kf8 30. Qb4 Bxe7 31. dxe7+ Rxe7 32. Rxe5 Qd6 33. Qxd6 Rxd6 34.
Rc5 Rb7 35. Kg2 Ke7 36. Kg3 Kd7 37. Kg4 Rd2 38. Rd5+ Rxd5 39. exd5 Kd6 40. Rd1
c3 41. Kf4 Rc7 42. Ke4 Rc4+ 43. Kd3 Kxd5 44. Kc2+ Rd4 45. Re1 b4 46. Re7 Rd2+
47. Kc1 Rxa2 48. Rxf7 b3 49. Rd7+ Kc6 0-1

[Event "New Zealand Seniors Championship 2017"]
[Site "Mount Manganui NZL"]
[Date "2017.09.02"]
[Round "4.6"]
[White "Goffin, Peter B"]
[Black "Laurie, Ian"]
[Result "1/2-1/2"]
[WhiteElo "1817"]
[BlackElo "1736"]
[PlyCount "97"]
[EventDate "2017.09.01"]

1. e4 c5 2. Nc3 Nc6 3. f4 e6 4. Nf3 g6 5. d4 cxd4 6. Nxd4 a6 7. Be3 Bg7 8. e5
Nxd4 9. Qxd4 b5 10. Ne4 d5 11. Nd6+ Kf8 12. Qb4 Ne7 13. Bc5 Kg8 14. Rd1 Nc6 15.
Qa3 Qa5+ 16. Qxa5 Nxa5 17. b3 Nc6 18. Be2 Nxe5 19. fxe5 Bxe5 20. O-O f5 21.
Nxc8 Rxc8 22. b4 h5 23. Bd3 Kf7 24. Rde1 Kf6 25. Re2 Rhe8 26. h3 h4 27. Bf2 g5
28. Bc5 Bc3 29. Kh1 f4 30. Ref2 e5 31. Be2 Kg6 32. Bg4 Rc7 33. Rd1 d4 34. Re2
e4 35. Bxd4 Rd8 36. Rxe4 Rc4 37. Re6+ Kf7 38. Rf6+ Kg8 39. Be6+ Kh7 40. Bxc4
bxc4 41. Bxc3 Rxd1+ 42. Kh2 Rc1 43. Rxa6 Rxc2 44. Ra7+ Kg6 45. Bd4 f3 46. Kg1
Rxg2+ 47. Kf1 Rd2 48. Bc3 Rc2 49. Bd4 1/2-1/2

[Event "New Zealand Seniors Championship 2017"]
[Site "Mount Manganui NZL"]
[Date "2017.09.02"]
[Round "4.7"]
[White "Cooper, Nigel"]
[Black "Milligan, Helen"]
[Result "0-1"]
[WhiteElo "1791"]
[BlackElo "2123"]
[PlyCount "74"]
[EventDate "2017.09.01"]

1. e4 e5 2. Nf3 Nc6 3. Bc4 Bc5 4. O-O Nf6 5. d3 d6 6. Nc3 h6 7. h3 O-O 8. Na4
Bb6 9. a3 Be6 10. Bxe6 fxe6 11. Qe2 Qe8 12. Kh2 Nh5 13. g3 Qf7 14. Nxb6 axb6
15. Kg2 Rae8 16. Nh2 Nd4 17. Qd2 Qg6 18. g4 Nf4+ 19. Kg3 Nde2+ 20. Kf3 Nxc1 21.
Raxc1 Nxd3+ 22. Ke3 Nxc1 23. Qxc1 d5 24. f3 dxe4 25. fxe4 Rf4 26. Rxf4 exf4+
27. Kf3 e5 28. Qd1 Qe6 29. Qd5 c6 30. Qd3 b5 31. Nf1 Qe7 32. Nd2 Rd8 33. Qb3+
Kh7 34. Ke2 Qd6 35. Nf3 Qd1+ 36. Kf2 Qh1 37. h4 Rd1 0-1

[Event "New Zealand Seniors Championship 2017"]
[Site "Mount Manganui NZL"]
[Date "2017.09.02"]
[Round "4.8"]
[White "Smith, Vivian J"]
[Black "Lynn, K William"]
[Result "0-1"]
[WhiteElo "1785"]
[BlackElo "1852"]
[PlyCount "79"]
[EventDate "2017.09.01"]

1. e4 c5 2. Nc3 e6 3. f4 Nc6 4. Nf3 d5 5. e5 Be7 6. a3 Nh6 7. Bb5 O-O 8. Bxc6
bxc6 9. Ne2 f6 10. d3 Nf7 11. exf6 Bxf6 12. c3 Qc7 13. O-O e5 14. fxe5 Nxe5 15.
Nxe5 Bxe5 16. Rxf8+ Kxf8 17. Qf1+ Kg8 18. Bf4 Ba6 19. Bxe5 Qxe5 20. Ng3 Rf8 21.
Qe1 Qxe1+ 22. Rxe1 Bxd3 23. Re7 a6 24. Rc7 Bb5 25. h3 g6 26. b3 Rf6 27. a4 Bd3
28. Rb7 Rd6 29. Kf2 d4 30. cxd4 cxd4 31. b4 Bc4 32. Ne4 Re6 33. Ng5 Re2+ 34.
Kf3 d3 35. Rd7 Re5 36. Ne4 Re6 37. Nc5 Re2 38. Nxd3 Ra2 39. Nc5 Ra3+ 40. Kf4
0-1